Scandinavian Design Beyond the Myth (Record no. 939)

MARC details
000 -CABECERA
campo de control de longitud fija 00997nam a2200241 a 4500
001 - NÚMERO DE CONTROL
campo de control BRCA_1060
005 - FECHA Y HORA DE LA ÚLTIMA TRANSACCIÓN
campo de control 20190320203248.0
008 - DATOS DE LONGITUD FIJA--INFORMACIÓN GENERAL
campo de control de longitud fija 070508s2003----sw-a######---#000-0#eng-#
020 ## - NÚMERO INTERNACIONAL ESTÁNDAR DEL LIBRO
Número Internacional Estándar del Libro 919744135X
020 ## - NÚMERO INTERNACIONAL ESTÁNDAR DEL LIBRO
Número Internacional Estándar del Libro 9185213012
041 ## - CÓDIGO DE LENGUA
Código de lengua del texto/banda sonora o título independiente eng
044 ## - CÓDIGO DEL PAÍS DE LA ENTIDAD EDITORA/PRODUCTORA
Código MARC del país sw
050 #4 - SIGNATURA TOPOGRÁFICA DE LA BIBLIOTECA DEL CONGRESO
Número de clasificación NK1457.A1
Número de documento/Ítem .S33 2003
245 10 - MENCIÓN DE TÍTULO
Título Scandinavian Design Beyond the Myth
Resto del título Fifty Years of Design from the Nordic Countries
Mención de responsabilidad, etc. edited by Widar Halén and Kerstin Wickman.
260 ## - PUBLICACIÓN, DISTRIBUCIÓN, ETC.
Lugar de publicación, distribución, etc. Estocolmo, Suecia
Nombre del editor, distribuidor, etc. Arvinius Förlag : Form Förlag
Fecha de publicación, distribución, etc. 2003
300 ## - DESCRIPCIÓN FÍSICA
Extensión 229 p.
Otras características físicas il. (algunas a color)
Dimensiones 29 cm.
500 ## - NOTA GENERAL
Nota general Incluye información acerca de los autores e índice
500 ## - NOTA GENERAL
Nota general Catálogo de la exposición realizada en el Kunstgewerbemuseum (Berlin), 11 noviembre, 2003 - febrero 2004 y viajo a través de varios sitios europeos en noviembre, 2007
650 14 - PUNTO DE ACCESO ADICIONAL DE MATERIA--TÉRMINO DE MATERIA
Término de materia o nombre geográfico como elemento de entrada Diseño
Subdivisión de forma Exposiciones
Subdivisión general Historia
Subdivisión cronológica Siglo XX
Subdivisión geográfica Escandinavia
9 (RLIN) 3491
700 1# - PUNTO DE ACCESO ADICIONAL--NOMBRE DE PERSONA
Nombre de persona Halén, Widar
9 (RLIN) 3492
700 1# - PUNTO DE ACCESO ADICIONAL--NOMBRE DE PERSONA
Nombre de persona Wickman, Kerstin
Fechas asociadas al nombre 1941-
9 (RLIN) 3493
942 ## - ELEMENTOS DE PUNTO DE ACCESO ADICIONAL (KOHA)
Fuente del sistema de clasificación o colocación Library of Congress Classification
Tipo de ítem Koha Libros
Holdings
Estado de retiro Estado de pérdida Estado dañado No para préstamo Localización permanente Ubicación/localización actual Fecha de adquisición Total de préstamos Signatura topográfica completa Código de barras Fecha visto por última vez Precio válido a partir de Tipo de ítem Koha
El ejemplar forma parte de la colección y puede ser consultado según las políticas vigentes.       Biblioteca del Museo Franz Mayer (Rogerio Casas-Alatriste) Biblioteca del Museo Franz Mayer (Rogerio Casas-Alatriste) 26/06/2008   NK1457.A1 .S33 2003 01547 22/03/2019 22/03/2019 Libros